000 00511nam a2200217Ia 4500
003 OSt
005 20230511145557.0
008 210423s2010 xx 000 0 und d
020 _a9780470505752
040 _cAL
041 _aeng
082 _a574.87
_223
_bKARG
100 _aKARP (Gerald).
_965485
245 _aCell biology.
250 _a6
260 _aNew Delhi
_bJohn Wiley & Sons
_c2010
300 _axviii,765,I-20
_bPB
365 _b2061
_cINR
906 _abiology ; Cell
942 _2ddc
_cBK
999 _c164268
_d164268